By the United States in Congress assembled. November 1, 1783 : The committee consisting of Mr. Carroll, Mr. Duane and Mr. S. Huntington, to whom was referred a motion of Mr. Wilson, to devise means for procuring a full representation in Congress, having reported ...

Bibliographic Details
Corporate Author: United States. Continental Congress
Format: eBook
Language:English
Series:Early American imprints. Evans (1639-1800) ; no. 18827.
Subjects:
Online Access:Evans Digital Edition

MARC

Tag First Indicator Second Indicator Subfields
LEADER 00000cam a2200000 a 4500
001 in00002175021
006 m e d #
007 cr mn mmmmabba
008 830620s1784 mdu s f000 0 eng d
005 20260330215818.3
035 |z w038447 
035 |a MAAR8306204404B 
035 |9 mwa91-8677 
035 |a 347515 
035 |a aas03038447 
040 |a MWA  |c MWA  |e bdrb  |d UtOrBLW 
110 1 |a United States.  |b Continental Congress. 
245 1 0 |a By the United States in Congress assembled. November 1, 1783 :  |b The committee consisting of Mr. Carroll, Mr. Duane and Mr. S. Huntington, to whom was referred a motion of Mr. Wilson, to devise means for procuring a full representation in Congress, having reported ... 
264 3 |a [Annapolis] :  |b [Printed by John Dunlap],  |c [1784] 
300 |a 4 unnumbered pages ;  |c 33 cm. 
336 |a text  |b txt  |2 rdacontent 
337 |a computer  |b c  |2 rdamedia 
338 |a online resource  |b cr  |2 rdacarrier 
500 |a Recommending to the states that they "take the most effectual measures to maintain at all times while Congress are sitting, a full representation, that the delay of business, which has proved so injurious to the public, and grievous to individuals, may no longer be a subject of complaint." 
500 |a Title from caption and first lines of text. 
500 |a Followed on page [2] by: April 19, 1784. On the report of a committee consisting of Mr. Gerry, Mr. Sherman and Mr. Lee, to whom was referred a motion of Mr. Gerry. Resolved ... that each state, at all times when Congress are sitting, be hereafter represented by three members at least ... 
500 |a Imprint supplied by Evans. The Continental Congress met at Annapolis from Nov. 26, 1783, to June 3, 1784. 
510 4 |a Evans  |c 18827 
510 4 |a Wheeler, J.T. Maryland,  |c 350 
530 |a Microform version available in the Readex Early American Imprints series. 
533 |a Electronic text and image data.  |b [Chester, Vt. :  |c Readex, a division of Newsbank, Inc.,  |d 2002-2004.  |e Includes files in TIFF, GIF and PDF formats with inclusion of keyword searchable text.  |f (Early American imprints. First series ; no. 18827). 
500 |a Electronic resource. 
610 1 0 |a United States.  |b Continental Congress. 
650 0 |a Representative government and representation. 
752 |a United States  |b Maryland  |d Annapolis. 
830 0 |a Early American imprints.  |n Series I,  |p Evans (1639-1800) ;  |v no. 18827. 
856 4 1 |u http://proxy.library.tamu.edu/login?url=https://opac.newsbank.com/select/evans/18827  |y Evans Digital Edition  |t 0 
999 |a MARS 
999 f f |s 9aecb773-e320-3068-9997-6396a7939b3b  |i 50908c45-e638-3c12-9e27-fec8fadbf2c4  |t 0 
952 f f |a Texas A&M University  |b College Station  |c Electronic Resources  |s www_evans  |d Available Online  |t 0  |h No information provided 
998 f f |t 0  |l Available Online